00334nam a2200133Ia 4500003000400000005001700004008004100021040001800062041000800080100004400088110001500132245003300147260002000180OSt20230530143212.0211028s2014 xx 000 0 und d cAIMIT LIBRARY aeng aSalian, Rakshitha; Santhosh, B.e121922 aSanthosh B aWarehouse management system. aMangalorec2014